000 00830nam a2200277 a 4500
001 10253
003 CO-ViMGA
008 141112s2004 ck r 000 u spa d
020 _a9589247024
040 _aCO-ViMGA
_bspa
_cCO-ViMGA
082 0 4 _a657.869 T35f
100 1 _aTellez Luna ; Miguel,
_913386
245 1 0 _aFinanzas de la Construcción
260 _aSantafé de Bogotá :
_bBhandar Editores,
_c1991
300 _a184p.
490 _aBiblioteca de la Construcción
650 1 4 _aADMINISTRACION
_9558
650 1 4 _aANALISIS OCUPACIONAL
_913387
650 1 4 _aCONTABILIDAD DE COSTOS
_913388
650 1 4 _aEJERCICIOS
_949372
650 1 4 _aEVALUACION DEL TRABAJO
_913389
650 1 4 _aINDUSTRIA DE LA CONSTRUCCION
_913390
650 1 4 _aMATEMATICAS FINANCIERAS
_913391
650 1 4 _aPROBLEMAS
_913392
942 _2ddc
_cBK
999 _c21623
_d21623